Škola architektúry, Devín

Uložené v:
Podrobná bibliografia
Hlavný autor: Tomašová, Terézia (Autor)
Ďalší autori: Polakovič, Štefan (Vedúci práce)
Médium: Rukopis Kniha
Jazyk:Slovak
Vydavateľské údaje: 2024
Predmet:
On-line prístup:http://is.stuba.sk/zp/portal_zp.pl?podrobnosti=179066
Tagy: Pridať tag
Žiadne tagy, Buďte prvý, kto otaguje tento záznam!

MARC

LEADER 00000ntm a22000003a 4500
001 stuzp100035
003 SK-STU
005 20240608213255.3
007 ta
008 150427s2015----xo-----f-mn---000-0-slo-d
040 |a STU  |b slo 
041 0 |a slo 
100 1 |a Tomašová, Terézia  |u 058180  |4 aut  |U FAD Fakulta architektúry a dizajnu  |T FAD Ústav architektúry občianskych budov  |X 99757  |U A8180  |Y 399  |7 99757 
242 0 1 |a School of architecture, Devín  |y eng 
245 1 0 |a Škola architektúry, Devín 
260 |c 2024 
650 4 |a architektúra  |2 slo 
650 4 |a škola  |2 slo 
650 4 |a urbanizmus  |2 slo 
650 4 |a konštrukcia  |2 slo 
650 4 |a Devín  |2 slo 
650 4 |a construction  |2 eng 
650 4 |a Devín  |2 eng 
650 4 |a urbanism  |2 eng 
650 4 |a school  |2 eng 
650 4 |a architecture  |2 eng 
700 1 |a Polakovič, Štefan  |u 058180  |k Z8  |4 ths  |U FAD Fakulta architektúry a dizajnu  |T FAD Ústav architektúry občianskych budov  |X 70902  |U A8180  |Y 399  |7 A000070902 
856 4 |u http://is.stuba.sk/zp/portal_zp.pl?podrobnosti=179066